| 000 | 00657nam a2200181Ia 4500 | ||
|---|---|---|---|
| 001 | 8614 | ||
| 005 | 20260306160622.0 | ||
| 008 | 260306t2014||||xx |||||||||||||| ||spa|| | ||
| 041 | _aESP | ||
| 082 |
_a371.2 _bI59 2014 |
||
| 100 |
_aInstituto Peruano de Evaluación. Acreditación y Certificación de la Calidad de la Educación Básica _eAUT |
||
| 245 | 0 |
_a¿Qué y cómo evaluamos la gestión de la institución educativa?: _bmatriz y guía de autoevaluación de la gestión educativa de instituciones de educación básica regular |
|
| 260 | _c2014 | ||
| 300 |
_a163 páginas : _c29 cm. |
||
| 650 | _aGEN | ||
| 654 | _aCED | ||
| 942 |
_cLIB _dJUS _fJUS _2ddc _n |
||
| 999 |
_c8614 _d8614 |
||